| 000 | 00359cam a2200145ua 4500 | ||
|---|---|---|---|
| 999 |
_c7392 _d7392 |
||
| 020 | _a9788183602129 | ||
| 082 |
_a631.1 _bOJH/PR |
||
| 100 |
_aOjha, T.P. _92553 |
||
| 245 | _aPrinciples of Agricultural Engineering, Vol 1 | ||
| 250 | _a3 / 6 | ||
| 260 |
_aNew Delhi : _bJain Brothers , _c2014. |
||
| 300 | _a768 | ||
| 700 | 1 |
_aMichael, A.M. _9114 |
|
| 942 | _cBK | ||